<?xml version="1.0" encoding="UTF-8"?>
<collection xmlns="http://www.loc.gov/MARC21/slim">
 <record>
  <leader>01170nam a22002057a 4500</leader>
  <controlfield tag="001">NCT_97343</controlfield>
  <controlfield tag="008">220307b        xxu||||| |||| 00| 0 vie d</controlfield>
  <datafield tag="999" ind1=" " ind2=" ">
   <subfield code="c">4849</subfield>
   <subfield code="d">4849</subfield>
  </datafield>
  <datafield tag="022" ind1=" " ind2=" ">
   <subfield code="a">0866-7446</subfield>
  </datafield>
  <datafield tag="082" ind1="0" ind2="4">
   <subfield code="2">23rd ed.</subfield>
   <subfield code="a">321</subfield>
   <subfield code="b">Nh100N</subfield>
  </datafield>
  <datafield tag="245" ind1="0" ind2="0">
   <subfield code="a">Nhà nước và pháp luật = </subfield>
   <subfield code="b">State and law review</subfield>
   <subfield code="n">Số 10</subfield>
   <subfield code="c">Viện Hàn lâm Khoa học xã hội Việt Nam. Viện Nhà nước và pháp luật</subfield>
  </datafield>
  <datafield tag="260" ind1=" " ind2=" ">
   <subfield code="a">H.</subfield>
   <subfield code="b">Viện Hàn lâm Khoa học xã hội Việt Nam. Viện Nhà nước và pháp luật</subfield>
   <subfield code="c">2018</subfield>
  </datafield>
  <datafield tag="300" ind1=" " ind2=" ">
   <subfield code="c">27cm</subfield>
  </datafield>
  <datafield tag="310" ind1=" " ind2=" ">
   <subfield code="a">Tháng 1 kỳ</subfield>
  </datafield>
  <datafield tag="520" ind1="3" ind2=" ">
   <subfield code="a">Trong số này nội dung gồm các chủ đề về lý luận nhà nước và pháp luật, luật hiến pháp, luật hành chính, luật tố tụng hình sự, luật kinh tế, luật an sinh xã hội, luật quốc tế.</subfield>
  </datafield>
  <datafield tag="653" ind1=" " ind2=" ">
   <subfield code="a">Luật học</subfield>
  </datafield>
  <datafield tag="655" ind1=" " ind2=" ">
   <subfield code="a">Tạp chí</subfield>
  </datafield>
  <datafield tag="942" ind1=" " ind2=" ">
   <subfield code="2">ddc</subfield>
   <subfield code="c">CR</subfield>
  </datafield>
  <datafield tag="952" ind1=" " ind2=" ">
   <subfield code="0">0</subfield>
   <subfield code="1">0</subfield>
   <subfield code="2">ddc</subfield>
   <subfield code="4">0</subfield>
   <subfield code="6">321_000000000000000_NH100N</subfield>
   <subfield code="7">0</subfield>
   <subfield code="9">22269</subfield>
   <subfield code="a">000001</subfield>
   <subfield code="b">000001</subfield>
   <subfield code="d">2022-03-09</subfield>
   <subfield code="o">321 Nh100N</subfield>
   <subfield code="r">2022-03-09</subfield>
   <subfield code="w">2022-03-09</subfield>
   <subfield code="y">CR</subfield>
  </datafield>
  <datafield tag="980" ind1=" " ind2=" ">
   <subfield code="a">Thư viện Trường Đại học Nam Cần Thơ</subfield>
  </datafield>
 </record>
</collection>
